Sports Quiz

Random Sports or MLB Quiz

Big 4 Teams by Initials Quiz Stats

Quiz Updated Nov 9, 2016

Challenge
Share
Tweet
Embed
Score 0/51 Timer 06:00
0 Plays Today
INITIALS TEAM % Correct
UJUtah Jazz
66.6%
JJJacksonville Jaguars
65.2%
TTTennessee Titans
63.8%
WWWashington Wizards
63.7%
IPIndiana Pacers
62.2%
VCVancouver Canucks
59.8%
WRWashington Redskins
58.9%
DTDetroit Tigers
55.9%
ICIndianapolis Colts
55.5%
DNDenver Nuggets
55.5%
AFAtlanta Falcons
55.2%
WNWashington Nationals
55.2%
BOBaltimore Orioles
54.6%
PEPhiladelphia Eagles
54.3%
CICleveland Indians
53.1%
PFPhiladelphia Flyers
52.9%
EOEdmonton Oilers
52.6%
SKSacramento Kings
52.4%
DLDetroit Lions
52%
MVMinnesota Vikings
50%
WCWashington Capitals
49.6%
DBDenver Broncos
48.5%
BCBoston Celtics
48.4%
ABAtlanta Braves
47.2%
AHAtlanta Hawks
46%
OAOakland A's
44.9%
INITIALS TEAM % Correct
HTHouston Texans
44.4%
HRHouston Rockets
44.3%
DPDetroit Pistons
43.3%
WJWinnipeg Jets
43.1%
MWMinnesota Wild
43.1%
DSDallas Stars
43.1%
DMDallas Mavericks
42.6%
HAHouston Astros
40.6%
DCDallas Cowboys
39.8%
OMOrlando Magic
39.1%
MHMiami Heat
39%
FPFlorida Panthers
38.9%
SSSeattle Seahawks
38.2%
BRBaltimore Ravens
35.9%
OSOttawa Senators
34.2%
SMSeattle Mariners
34.1%
MMMiami Marlins
33.7%
CFCalgary Flames
29.1%
NPNashville Predators
28.2%
OROakland Raiders
26.9%
MDMiami Dolphins
26.2%
CPCarolina Panthers
26.1%
MGMemphis Grizzlies
24.6%
MCMontreal Canadiens
23.7%
BSBuffalo Sabres
23.5%

You're not logged in!

Compare scores with friends on all Sporcle quizzes.
Join for Free
OR
Log In

You Might Also Like...

Show Comments

Extras

Top Quizzes Today


Score Distribution

Your Account Isn't Verified!

In order to create a playlist on Sporcle, you need to verify the email address you used during registration. Go to your Sporcle Settings to finish the process.

Report this User

Report this user for behavior that violates our Community Guidelines.

Details: